Normal view
MARC view
- MANUFACTURING ORGANIZATION AND MANAGMENT
Entry Topical Term
001 - CONTROL NUMBER
- control field: 66150
003 - CONTROL NUMBER IDENTIFIER
- control field: NUST
005 - DATE AND TIME OF LATEST TRANSACTION
- control field: 20210628203537.0
008 - FIXED-LENGTH DATA ELEMENTS
- fixed length control field: 210628|| aca||aabn | a|a d
040 ## - CATALOGING SOURCE
- Original cataloging agency: NUST
- Transcribing agency: NUST
150 ## - HEADING--TOPICAL TERM
- Topical term or geographic name entry element: MANUFACTURING ORGANIZATION AND MANAGMENT
670 ## - SOURCE DATA FOUND
- Source citation: Work cat.: (NUST): Amrine, Harold T, Ritchey, John A, Moodie, Colin L. 66149, Manufacturing organization and managment, 2016
